000 00528nam a22001817a 4500
003 KOHA_MİRAKIL
005 20251209090241.0
008 251209b tu ||||| |||| 00| 0 tur d
020 _a9786258352771
040 _aTR-AnABB
_btur
_cTR-AnABB
041 _atur
082 _a353.909
_bIST 2023
245 1 0 _aİstanbul'un asayişine ve taşraya dair yazılı emirler /
260 _aAnkara :
_bTürkiye Bilimler Akademisi,
_c2023
300 _a204 sayfa ;
_c24 cm
650 0 4 _aOsmanlı İmparatorluğu
942 _2ddc
_cBK
999 _c9712
_d9712
900 _bGizem YORULMAZ